000 00572nam a2200181Ia 4500
008 090123s9999 xx 000 0 und d
082 _b32190
100 _aलिमये अरविंद
245 _aस्पर्श प्रकाशाचा
250 _a1
260 _bचिरानि
_c2000
300 _a172
600 _aलिमये अरविंद
630 _aस्पर्श प्रकाशाचा
700 _aलिमये अरविंद
730 _aस्पर्श प्रकाशाचा
942 _cBOOK
999 _c70250
_d70250